000 00651nam a2200157 a 4500
001 000028850
005 20200930055157.0
008 110412s2001 dr 000 0 spa d
040 _aDO-SdBNP
_bspa
_cBNPHU
082 _axxxx
_bS446T
110 1 _aRepública Dominicana. Secretariado Técnico de la Presidencia .
_bOficina Nacional de Personal
_955835
245 1 0 _aGuía para la evaluación del desempeño y conducta de los servidores Públicos a ser incorporados a las carrera administractiva.
260 _aSanto Domingo :
_bSecretariado Técnico de la Presidencia, Oficina Nacional de Personal,
_c2001.
300 _a9 p. ;
_c21 cm.
049 _aBNPD
999 _c28342
_d28342